Statistics for Add a Letter - H

Click here to take the quiz!

General Stats

  • This quiz has been taken 169 times
  • The average score is 10 of 10

Answer Stats

WordAdd "G"% Correct
AtHat
100%
AmHam
99%
AteHate
99%
IsHis
97%
CapsChaps
96%
CokeChoke
96%
OtterHotter
96%
SinShin
94%
SunShun
94%
'TisThis
92%

Score Distribution

Percentile by Number Answered

Percent of People with Each Score

Your Score History

You have not taken this quiz